000 00560nam a2200145Ia 4500
008 100122s9999 xx 000 0 und d
082 _b21799
_a634
100 _aराहूडकर वासुदेव ब
245 _aलिंबाची लागवड आणि व्यापार
260 _bउद्यम प्रकाशन
_c1966
300 _a109
630 _aलिंबाची लागवड आणि व्यापार
730 _aलिंबाची लागवड आणि व्यापार
942 _cBOOK
999 _c409754
_d409751